000 00708nam a2200241 i 4500
001 000002974
003 DO-SdBNP
005 20250707112615.0
007 ta
008 090706s19uu dr r 000 0 spa d
040 _aDO-SdBNP
_bspa
_cBNPHU
_erda
082 4 _a330.1
_bE38e
_222
245 0 0 _aElementos de economía
264 _aSanto Domingo :
_bDirectorio comercial, industrial y profesional de la República Dominicana,
_c19--.
300 _a117 páginas ;
_c22 cm.
336 _2rdacontent
_atexto
_btxt
337 _2rdamedia
_asin mediación
_bn
338 _2rdacarrier
_avolumen
_bnc
590 _aInventariado, 2023/BT
650 0 _aEconomia
_985383
910 _aBtavárez
942 _2ddc
_cLBS1
999 _c2806
_d2806